Hard Times
Novela un tanto satírica que se ambiente en el pueblo ficticio e industrial victoriano de Coketown, donde se desarrolla la sobre cómo sin una verdadera brújula moral los niños pueden descarrilarse e ir por malos caminos. Dicha obra está en inglés.
Furkejuvvon:
| Váldodahkki: | |
|---|---|
| Materiálatiipa: | Girji |
| Giella: | Undetermined |
| Almmustuhtton: |
New York, Estados Unidos
A Signet Classic
1997
|
| Fáttát: | |
| Fáddágilkorat: |
Lasit fáddágilkoriid
Eai fáddágilkorat, Lasit vuosttaš fáddágilkora!
|
MARC
| LEADER | 00000nam a2200000Ia 4500 | ||
|---|---|---|---|
| 008 | 170316s9999 xx 000 0 und d | ||
| 040 | |a cru BVZT | ||
| 090 | |a 820 D-5ha | ||
| 100 | |a Dickens, Charles | ||
| 245 | |a Hard Times | ||
| 260 | |a New York, Estados Unidos | ||
| 260 | |b A Signet Classic | ||
| 260 | |c 1997 | ||
| 300 | |a 295 páginas | ||
| 520 | |a Novela un tanto satírica que se ambiente en el pueblo ficticio e industrial victoriano de Coketown, donde se desarrolla la sobre cómo sin una verdadera brújula moral los niños pueden descarrilarse e ir por malos caminos. Dicha obra está en inglés. | ||
| 650 | |a LITERATURA INGLESA |9 12 | ||
| 999 | |c 6863 |d 6863 | ||
| 942 | |c 15 D |h 820 D-5ha |2 z | ||
